000 00552nam a2200181 a 4500
005 20240928063805.0
008 991125n1978 mx 000 0 spa u
035 _aUPN01000047586
049 _aCG
050 4 _aH62
_bP7.3
245 0 0 _aPrograma de investigación y maestría en ciencias sociales /
260 _aMéxico :
_bCIIS,
_c1978.
300 _a44 h., [1] h. pleg.
440 0 _aCuaderno de trabajo ;
_v1
650 4 _aCiencias sociales
_xEstudio y enseñanza
_96678
650 4 _aCiencias sociales
_vPlanes y programas
_98402
905 _aLibro
999 _c47586
_d47586